| Поле | Название | Значение |
| |
Тип записи |
a |
| |
Библиографический уровень |
m |
| 001 |
Контрольный номер |
RU/IS/BASE/539714529 |
| 005 |
Дата корректировки |
20220615100057.3 |
| 010 |
Индекс ISBN |
__ |
| a |
ISBN |
978-5-389-05584-1 (в пер.) |
| d |
Цена |
158-41; 158-40 |
| 100 |
Данные общей обработки |
__ |
| a |
Данные общей обработки |
19170127d||||2014||| 0rusy0189 ca |
| 101 |
Язык документа |
1_ |
| a |
Язык текста |
rus |
| c |
Язык оригинала |
eng |
| 102 |
Страна публикации |
__ |
| a |
Страна публикации |
ru| |
| 105 |
Кодированные данные (монография) |
__ |
| a |
Кодированные данные (монография) |
a|||e|||000zy |
| 200 |
Заглавие и сведения об ответственности |
1_ |
| a |
Заглавие |
Мода прекрасная и опасная |
| f |
Первые сведения об ответственности |
[перевод с английского: Татьяна Покидаева] |
| b |
Общее обозначение материала |
Текст |
| 210 |
Выходные данные |
1_ |
| a |
Место издания |
Москва |
| c |
Издательство |
Махаон |
| d |
Дата издания |
2014 |
| 215 |
Физическое описание |
__ |
| a |
Объем |
32 с. |
| c |
Иллюстрации/тип воспроизводства |
ил. |
| d |
Формат |
26 см |
| 225 |
Серия |
2_ |
| a |
Серия |
Discovery Education |
| 225 |
Серия |
2_ |
| a |
Серия |
Удивляйся. Учись. Познавай |
| 300 |
Общие примечания |
__ |
| a |
Общие примечания |
6000 экз. |
| 320 |
Библиография |
__ |
| a |
Библиография |
Указ.: с. 32 |
| 330 |
Аннотация |
__ |
| a |
Аннотация |
Эта уникальная серия создана в сотрудничестве с компанией "Дискавери", занимающейся распространением научно-популярных знаний по всему миру. Серия состоит из четырех больших разделов: "Наука и техника", "Биология", "История" и "Общество". В каждом разделе представлен широкий круг тем, полезных для интеллектуального развития и познания окружающего мира. Вас ждут увлекательное чтение, огромный объем разнообразной информации, возможность развить сообразительность и творческие способности! |
| 606 |
Тематические рубрики |
__ |
| a |
Основная рубрика |
Изобразительное искусство и архитектура |
| 606 |
Тематические рубрики |
__ |
| a |
Основная рубрика |
Художественные изделия |
| 610 |
Ключевые слова |
0_ |
| a |
Ключевые слова |
бинтование ног |
| a |
Ключевые слова |
детская литература |
| a |
Ключевые слова |
европейская мода |
| a |
Ключевые слова |
женская мода |
| a |
Ключевые слова |
история моды |
| a |
Ключевые слова |
корсеты |
| a |
Ключевые слова |
кринолин |
| a |
Ключевые слова |
макияж |
| a |
Ключевые слова |
мода |
| a |
Ключевые слова |
мужская мода |
| a |
Ключевые слова |
обувь |
| a |
Ключевые слова |
платья |
| a |
Ключевые слова |
познавательная литература |
| a |
Ключевые слова |
прически |
| a |
Ключевые слова |
современная мода |
| a |
Ключевые слова |
туфли |
| a |
Ключевые слова |
фонтанжи |
| a |
Ключевые слова |
шейные кольца |
| 686 |
Индексы других классификаций |
__ |
| 2 |
Код системы |
rubbks |
| a |
Классификационный индекс |
мл85я2 |
| 702 |
Вторичная интеллектуальная ответственность |
_1 |
| a |
Фамилия |
Покидаева |
| b |
Имя |
Т. |
| 4 |
Код отношения |
Переводчик |
| 4 |
Код отношения |
730 |
| 801 |
Источник записи |
_0 |
| a |
Страна |
ru |
| b |
Организация |
Муниципальное бюджетное учреждение культуры "Централизованная библиотечная система" г. Сургут (Центральная городская библиотека им. А. С. Пушкина) |
| c |
Дата составления |
20170127 |
| g |
Правила каталогизации |
КиК/Лукашук |
| 801 |
Источник записи |
_1 |
| a |
Страна |
ru |
| b |
Организация |
Муниципальное бюджетное учреждение культуры "Централизованная библиотечная система" г. Сургут (Центральная городская библиотека им. А. С. Пушкина) |
| c |
Дата составления |
20170127 |
| g |
Правила каталогизации |
КиК/Лукашук |
| 852 |
Данные о местонахождении |
__ |
| j |
Шифр хранения |
мл85я2 |
| i |
Авторский знак |
М 74 |
| 901 |
Тип документа |
__ |
| t |
Тип документа |
m |
| 903 |
Характеристики (МАРС) |
__ |
| a |
Дата передачи |
20170206 |
| 969 |
Тип издания |
__ |
| a |
Тип издания |
энциклопедия; издание для детей; брошюра |
| 990 |
Данные о заказе (DOS) |
__ |
| j |
Количество экземпляров (DOS) |
22 |
| t |
N записи в КСУ для И/У (DOS) |
201702 |